00814 2200301 4500001002100000005001500021035002000036007000300056040001700059100002900076245007100105250001000176300004300186041000800229082000800237084001400245090002000259264003900279336002100318337003000339338002300369500002100392650001800413850001000431008004100441990001400482990001600496INLIS00000000000929320260422012329 a0010-1122000252ta aSBPUPADbind0 aSoebagijo I.NePengarang1 aPembaharuan Islam di Indonesia :bK.H Mas Mansur /cSoebagijo I.N; acet.1 av, 175 hlm :bilus. ;c14.5 cm x 21 cm aind a922 a922 SOE m a922 SOE m 25-10 aJakarta :bPT.Gunung Agung,c1982. 2rdacontentateks 2rdamediaatanpa perantara 2rdacarrieravolume aIndeks, 169 hlm; 4aSejarah Islam aPUPAD260422 0  a960/ARPUS a960/ARPUS-1